| 000 | 02290nam a2200541 c 4500 | ||
|---|---|---|---|
| 999 |
_c119143 _d119143 |
||
| 003 | BLK | ||
| 005 | 20240808131253.0 | ||
| 008 | 180409b bul|||||r ||||||| ||bul|| | ||
| 010 | _aKNG00124757000 | ||
| 040 | _aBLK | ||
| 041 |
_aBUL _cBUL |
||
| 080 |
_aОпера, музикална драма - изпълнители _b782.1.071.2 _x(45)(092) _z782.1.071.2(45)(092) |
||
| 080 |
_aБиографии _b929 _x(45) _z929(45) |
||
| 100 | 1 |
_aТимохин, Всеволод Василиевич _eпърви автор _9310251 |
|
| 139 |
_aТимохин, Всеволод Василиевич _bТ 56 |
||
| 245 | 1 | 0 |
_aПрочути италиански певци _cВсеволод Василиевич Тимохин; прев. от рус. Мария Узунова. |
| 257 | _aSUN | ||
| 260 |
_bНаука и изкуство _c1965 _aСофия |
||
| 300 |
_a166 с. _c20 см |
||
| 380 | _a7 | ||
| 490 |
_aЗнаменити музиканти _9204068 |
||
| 500 | _aБиблиогр. под линия. | ||
| 600 | 1 | 4 |
_aКаталани, Анджелика _9316043 |
| 600 | 1 | 4 |
_aРубини, Джовани Батиста _9316044 |
| 600 | 1 | 4 |
_aПаста, Джудита _9223282 |
| 600 | 1 | 4 |
_aПати, Аделина _9316045 |
| 600 | 1 | 4 |
_aБатистини, Матиа _9223284 |
| 600 | 1 | 4 |
_aКарзуо, Енрико _9223285 |
| 600 | 1 | 4 |
_aРуфо, Тита _9316046 |
| 600 | 1 | 4 |
_aГали-Курчи, Амелита _9316047 |
| 600 | 0 |
_aДжили, Бениамино _cитал. оперен певец - тенор _d(1890-1957) _9376705 |
|
| 600 | 1 | 4 |
_aПинца, Ецио _9223288 |
| 600 | 1 | 4 |
_aТебалди, Рената _9223289 |
| 600 | 1 | 4 |
_aКалас, Мария _9308755 |
| 650 | 4 |
_aПевци, оперни _9299196 |
|
| 651 | 4 |
_aИталия _9178965 |
|
| 653 | _aоперни певци | ||
| 653 | _aИталия | ||
| 653 | _aбиографии | ||
| 700 | 1 |
_aУзунова, Мария _eпрев. от рус. _9370555 |
|
| 852 | _aЦб 33978 | ||
| 856 | 4 | _qpdf | |
| 856 | 4 | _qpdf | |
| 942 |
_cKNG _n0 _01 _s1 |
||
| 944 |
_aCR _c11.08.2011 _lСевдалина Тодорова _k30540 |
||
| 944 |
_aED _c30.01.2015 _l11.08.2011 - от С1,Р / 11.08.2011 _kИрена_Линкова |
||
| 999 | _d119143 | ||